Top 50 countries with the smallest economies - Statistics

General Stats
  • This quiz has been taken 801 times
    701 since last reset
  • The average score is 35 of 50
Answer Stats
GDP Country % Correct
$153 Mil Nauru
87%
$38 Mil Tuvalu
86%
$189 Mil Marshall Islands
85%
$240 Mil Palau
83%
$4034 Mil Fiji
82%
$743 Mil Saint Kitts
82%
$691 Mil Samoa
82%
$1073 Mil Solomon Islands
82%
$440 Mil Tonga
82%
$709 Mil Saint Vincent
81%
$175 Mil Kiribati
80%
$1336 Mil Saint Lucia
80%
$1802 Mil San Marino
80%
$1445 Mil Seychelles
78%
$3249 Mil Andorra
77%
$333 Mil Micronesia
77%
$622 Mil Comoros
76%
$342 Mil Sao Tome
76%
$1241 Mil Antigua
75%
$4228 Mil Barbados
75%
$831 Mil Grenada
75%
$2230 Mil Lesotho
75%
$800 Mil Vanuatu
75%
$1861 Mil Cape Verde
74%
$2549 Mil Burundi
73%
$498 Mil Dominica
72%
$2836 Mil Maldives
72%
$4941 Mil East Timor
71%
$6837 Mil Monaco
71%
$1456 Mil Djibouti
70%
$4158 Mil Togo
70%
$902 Mil Gambia
69%
$5647 Mil Liechtenstein
68%
$7219 Mil Guinea
67%
$1036 Mil Guinea-Bissau
67%
$1781 Mil Bhutan
63%
$1624 Mil Belize
61%
$5146 Mil Malawi
61%
$2990 Mil Guyana
60%
$1946 Mil Liberia
60%
$5229 Mil Suriname
60%
$3438 Mil Eritrea
59%
$4929 Mil Sierra Leone
59%
$1585 Mil CAR
56%
$1399 Mil Somalia
49%
$3523 Mil Swaziland
49%
$6559 Mil Kosovo
48%
$5516 Mil Mauritania
44%
$4417 Mil Montenegro
38%
$7226 Mil Kyrgyzstan
26%
No matching quizzes found
Score Distribution
Percent of People with Each Score
Percentile by Number Answered
Your Score History
You have not taken this quiz since the last reset